1881 1608 1154 1816 1042 1471 1548 1503 1860 1781 1011 1870 1513 1768 1843 1219 1984 1019 1816 1875 1634 1863 1622 1615 1289 1513 1026 1375 1106 1471 1208 1672 1519 1330 1528 1192 1551 1344 1422 1654 1354 1011 1549 1920 1529 1605 1082 1931 1969 1936 1465 1658 1184 1189 1961 1318 1008 1695 1716 1213 1006 1984 1093 1690 1174 1559 1755 1656 1218 1545 1688 1494 1192 1253 1804 1154 1284 1899 1050 1440 1214 1864 1215 1908 1365 1613 1315 1749 1297 1417 1469 1912 1708 1130 1399 1983 1569 1582 1367 BCNSPRNW ULIB Ver.6.0+V

เปลี่ยนเป็นภาษาไทย

Change to English
 แสดงรายละเอียดบรรณานุกรม
  กลับหน้าหลัก

Brief Record : Get Marc (ISO 2709) : E-mail record : QR code < ปิดหน้าต่าง
LEADER : 00000nam 2200000uu 4500
001    13399125165
003     ULIB
008    161026s2559||||th 000 0 tha d
020    9786162798375
050  4 ^aDS578.32.T43^bค142บส
245 00 ^aสืบสานพระการุณย์ สู่วิชาชีพการพยาบาลไทย /^cคณะพยาบาลศาสตร์มหาวิทยาลัยมหิดล
250    ^aพิมพ์ครั้งที่ 1
260    ^aกรุงเทพฯ :^bคณะพยาบาลศาสตร์ มหาวิทยาลัยมหิดล,^c2559
300    ^a180หน้า :^bภาพประกอบสี ;^c30 ซม.
710 2  ^aคณะพยาบาลศาสตร์.^bมหาวิทยาลัยมหิดล
945    ^p0^l0^i001412
945    ^p0^l0^i001416
945    ^p0^l0^i001415
945    ^p0^l0^i001414
945    ^p0^l0^i001413
999    ^aณรีรัตน์
รายการนี้ยังไม่มีแท็ก
คุณยังไม่ได้ล็อกอิน คุณสามารถมีกิจกรรมร่วมกับเว็บไซต์ได้ แต่ต้องล็อกอินก่อน ::
  ล็อกอิน

รายการสื่อสารสนเทศ

ลำดับที่ ประเภท เลขเรียก/บาร์โค้ด สถานที่ สถานะ
1. การศึกษาทั่วไป
การศึกษาทั่วไป
DS578.32.T43 ค142บส ฉ.1 
  Barcode: 001412
ห้องสมุดวิทยาเขตสวรรค์ประชารักษ์
►หนังสือทั่วไป
บนชั้น
2. การศึกษาทั่วไป
การศึกษาทั่วไป
DS578.32.T43 ค142บส ฉ.2 
  Barcode: 001413
ห้องสมุดวิทยาเขตสวรรค์ประชารักษ์
►หนังสือทั่วไป
บนชั้น
3. การศึกษาทั่วไป
การศึกษาทั่วไป
DS578.32.T43 ค142บส ฉ.3 
  Barcode: 001414
ห้องสมุดวิทยาเขตสวรรค์ประชารักษ์
►หนังสือทั่วไป
บนชั้น
4. การศึกษาทั่วไป
การศึกษาทั่วไป
DS578.32.T43 ค142บส ฉ.4 
  Barcode: 001415
ห้องสมุดวิทยาเขตสวรรค์ประชารักษ์
►หนังสือทั่วไป
บนชั้น
5. การศึกษาทั่วไป
การศึกษาทั่วไป
DS578.32.T43 ค142บส ฉ.5 
  Barcode: 001416
ห้องสมุดวิทยาเขตสวรรค์ประชารักษ์
►หนังสือทั่วไป
บนชั้น

BibComment


ยังไม่เคยถูกคอมเมนท์

คอมเมนท์ทรัพยากรรายการนี้
  คอมเมนท์: สืบสานพระการุณย์..


 Copyright 2026. Bcnsprnw @Library